[Event "Beloeil CC-ch"]
[Site "Beloeil CAN"]
[Date "2000.10.17"]
[Round "4"]
[White "Abreu Cordero, Jose"]
[Black "Mikanovic, Goran"]
[Result "1/2-1/2"]
[WhiteElo "2140"]
[BlackElo "2367"]
[PlyCount "124"]
[GameId "2160767911644210"]
[EventDate "2000.09.26"]
[EventType "swiss"]
[EventRounds "6"]
[EventCountry "CAN"]
[SourceTitle "EXT 2004"]
[Source "ChessBase"]
[SourceDate "2003.11.25"]
[SourceVersion "1"]
[SourceVersionDate "2003.11.25"]
[SourceQuality "1"]

1. c4 e6 2. d4 Nf6 3. Nf3 b6 4. g3 Ba6 5. b3 Bb4+ 6. Bd2 Be7 7. Bg2 c6 8. O-O d5 9. Ne5 Nfd7 10. cxd5 cxd5 11. Nxd7 Nxd7 12. Re1 Nf6 13. Nc3 O-O 14. Qc2 Rc8 15. Qb2 Qd7 16. Rac1 Rc6 17. Bf1 Rfc8 18. f3 Bd6 19. Nb1 Rxc1 20. Rxc1 Re8 21. Bc3 Qe7 22. Rd1 h5 23. Nd2 h4 24. e3 Bxf1 25. Nxf1 hxg3 26. hxg3 Rc8 27. Be1 Qc7 28. g4 Qc2 29. Qxc2 Rxc2 30. Rd2 Rc1 31. Re2 Nd7 32. Kg2 Nb8 33. Kf2 Na6 34. Bd2 Rb1 35. Bc3 Nb4 36. Bxb4 Bxb4 37. Rc2 a5 38. Ng3 b5 39. Ne2 a4 40. bxa4 bxa4 41. Nc1 Kf8 42. Ke2 Ke7 43. Nd3 Bd6 44. Rc1 Rb8 45. e4 dxe4 46. fxe4 Kd7 47. Rf1 f6 48. e5 Be7 49. Rh1 Rc8 50. Kd2 Rc4 51. Rh7 Rxd4 52. Rxg7 fxe5 53. Ke3 Kd6 54. g5 Rg4 55. Nf2 Rg3+ 56. Ke2 Ra3 57. Ne4+ Kd7 58. Nf6+ Kd8 59. Rg8+ Kc7 60. Rg7 Rxa2+ 61. Kf1 Ra1+ 62. Kf2 Kd8 1/2-1/2

[Event "Beloeil CC-ch"]
[Site "Beloeil CAN"]
[Date "2000.10.17"]
[Round "4"]
[White "Boulay, David"]
[Black "Wenaas, Eric"]
[Result "1-0"]
[WhiteElo "2082"]
[BlackElo "2260"]
[PlyCount "107"]
[GameId "2160767911644211"]
[EventDate "2000.09.26"]
[EventType "swiss"]
[EventRounds "6"]
[EventCountry "CAN"]
[SourceTitle "EXT 2004"]
[Source "ChessBase"]
[SourceDate "2003.11.25"]
[SourceVersion "1"]
[SourceVersionDate "2003.11.25"]
[SourceQuality "1"]

1. e4 e5 2. Nf3 Nc6 3. Bb5 a6 4. Ba4 Nf6 5. Qe2 b5 6. Bb3 Be7 7. c3 d6 8. h3 O-O 9. d3 Na5 10. Bc2 c5 11. Nbd2 Qc7 12. Nf1 Re8 13. Ne3 Bf8 14. Nh2 Bb7 15. Nhg4 Nd7 16. h4 h5 17. Nh2 Nf6 18. g4 g6 19. g5 Nd7 20. c4 Bg7 21. O-O Nf8 22. Nd5 Qd8 23. Be3 Ne6 24. Nf3 Nc6 25. Qd2 f6 26. gxf6 Bxf6 27. Ng5 Ncd4 28. Bd1 Bxg5 29. hxg5 Bxd5 30. cxd5 Nf4 31. Bxf4 exf4 32. Qxf4 Re5 33. Qh2 Qxg5+ 34. Kh1 Qd2 35. Rg1 Rf8 36. Qg3 g5 37. Bxh5 Qxf2 38. Qxf2 Rxf2 39. Raf1 Rxf1 40. Rxf1 Re7 41. Kg2 Rh7 42. Bg6 Rg7 43. Rf6 Rd7 44. Bf5 Nxf5 45. Rxf5 Kg7 46. Kg3 c4 47. dxc4 bxc4 48. Kg4 Re7 49. Rxg5+ Kf6 50. Rf5+ Kg6 51. Kf4 Rh7 52. Ke3 Rh3+ 53. Rf3 Rh2 54. Rf2 1-0

[Event "Beloeil CC-ch"]
[Site "Beloeil CAN"]
[Date "2000.10.17"]
[Round "4"]
[White "Gilman, Arkadiy"]
[Black "Charest, Johanne"]
[Result "1/2-1/2"]
[WhiteElo "2199"]
[BlackElo "1921"]
[PlyCount "138"]
[GameId "2160767911644212"]
[EventDate "2000.09.26"]
[EventType "swiss"]
[EventRounds "6"]
[EventCountry "CAN"]
[SourceTitle "EXT 2004"]
[Source "ChessBase"]
[SourceDate "2003.11.25"]
[SourceVersion "1"]
[SourceVersionDate "2003.11.25"]
[SourceQuality "1"]

1. d4 d5 2. c4 e6 3. Nc3 c5 4. e3 Nf6 5. Nf3 Nc6 6. cxd5 exd5 7. Be2 cxd4 8. Nxd4 Bd6 9. O-O O-O 10. h3 a6 11. b3 Be5 12. Nxc6 bxc6 13. Bb2 Re8 14. Na4 Bc7 15. Bd4 Ne4 16. Rc1 Bxh3 17. gxh3 Re6 18. Bh5 Rh6 19. f4 Ng3 20. Bf3 Nxf1 21. Qxf1 Qh4 22. Bg2 g5 23. Qf2 Qxf2+ 24. Kxf2 gxf4 25. exf4 Bxf4 26. Re1 Re6 27. Rg1 Rg6 28. Nc5 Bg3+ 29. Kf3 Bh4 30. Bf1 Be7 31. Nd7 a5 32. Rg4 a4 33. Nb6 Re8 34. Nxa4 Bd6 35. Bd3 Rxg4 36. hxg4 Re1 37. Bf5 Rc1 38. Bb2 Rh1 39. Nb6 Rh2 40. Na4 Rd2 41. Ke3 Rh2 42. Bd3 Rg2 43. Be2 Rh2 44. Bd4 Rh3+ 45. Kd2 Bb4+ 46. Bc3 Bd6 47. b4 d4 48. Bxd4 Ra3 49. Nc3 Bxb4 50. Bc4 Ra5 51. Kc2 Rg5 52. Ne4 Rg6 53. Nf6+ Kf8 54. Bd3 Rh6 55. Nxh7+ Ke7 56. Ng5 Rh2+ 57. Kb3 Rd2 58. Kxb4 Rxd3 59. Bc5+ Kf6 60. Kc4 Rd1 61. Ne4+ Ke5 62. Nc3 Rf1 63. g5 Rf4+ 64. Kb3 Ke6 65. Bb6 f6 66. gxf6 Kxf6 67. a4 Ke7 68. a5 Kd7 69. Na4 Rxa4 1/2-1/2

[Event "Beloeil CC-ch"]
[Site "Beloeil CAN"]
[Date "2000.10.17"]
[Round "4"]
[White "Leveille, Francois"]
[Black "Sasseville, Jean"]
[Result "1-0"]
[WhiteElo "2331"]
[BlackElo "1985"]
[PlyCount "45"]
[GameId "2160767911644214"]
[EventDate "2000.09.26"]
[EventType "swiss"]
[EventRounds "6"]
[EventCountry "CAN"]
[SourceTitle "EXT 2004"]
[Source "ChessBase"]
[SourceDate "2003.11.25"]
[SourceVersion "1"]
[SourceVersionDate "2003.11.25"]
[SourceQuality "1"]

1. Nf3 d5 2. g3 e6 3. Bg2 c6 4. b3 Nd7 5. Bb2 Ngf6 6. d3 Bd6 7. e4 Qc7 8. O-O O-O 9. Re1 e5 10. Nbd2 b6 11. d4 exd4 12. Nxd4 Bb7 13. exd5 Nxd5 14. Nc4 Bb4 15. Nf5 Rfe8 16. Rxe8+ Rxe8 17. Bxg7 Re1+ 18. Qxe1 Bxe1 19. Rxe1 N5f6 20. Bh6 Bc8 21. Ncd6 Nc5 22. Ne7+ Kh8 23. Nxf7# 1-0

[Event "Beloeil CC-ch"]
[Site "Beloeil CAN"]
[Date "2000.10.17"]
[Round "4"]
[White "Pnevmonidis, Pantelis"]
[Black "Nunez, Omar"]
[Result "1-0"]
[WhiteElo "2140"]
[BlackElo "1882"]
[PlyCount "73"]
[GameId "2160767911644215"]
[EventDate "2000.09.26"]
[EventType "swiss"]
[EventRounds "6"]
[EventCountry "CAN"]
[SourceTitle "EXT 2004"]
[Source "ChessBase"]
[SourceDate "2003.11.25"]
[SourceVersion "1"]
[SourceVersionDate "2003.11.25"]
[SourceQuality "1"]

1. d4 e6 2. c4 f5 3. g3 Nf6 4. Bg2 g6 5. Nc3 Bg7 6. Nf3 O-O 7. O-O d5 8. Ne5 c6 9. Bg5 h6 10. Bxf6 Qxf6 11. cxd5 exd5 12. f4 Kh7 13. b4 Nd7 14. b5 Nxe5 15. dxe5 Qe7 16. Qd4 Be6 17. Rfc1 g5 18. Rab1 gxf4 19. gxf4 Rg8 20. Na4 cxb5 21. Rxb5 b6 22. Nc3 Rac8 23. Rcb1 Qh4 24. Nxd5 Rcd8 25. e4 Qg4 26. Qf2 fxe4 27. Ne3 Qh5 28. Bxe4+ Kh8 29. Kh1 Bf8 30. f5 Bd7 31. R5b3 Bc5 32. Qf3 Qg5 33. Ng2 Ba4 34. Rd3 Rdf8 35. Rc3 Bd4 36. Rc4 Bxe5 37. Rxa4 1-0

[Event "Beloeil CC-ch"]
[Site "Beloeil CAN"]
[Date "2000.10.24"]
[Round "5"]
[White "Charest, Johanne"]
[Black "Pnevmonidis, Pantelis"]
[Result "1/2-1/2"]
[WhiteElo "1921"]
[BlackElo "2140"]
[PlyCount "102"]
[GameId "2160767911644216"]
[EventDate "2000.09.26"]
[EventType "swiss"]
[EventRounds "6"]
[EventCountry "CAN"]
[SourceTitle "EXT 2004"]
[Source "ChessBase"]
[SourceDate "2003.11.25"]
[SourceVersion "1"]
[SourceVersionDate "2003.11.25"]
[SourceQuality "1"]

1. e4 c5 2. Nc3 d6 3. f4 g6 4. Bc4 Bg7 5. Nf3 Nc6 6. d3 e6 7. O-O Nge7 8. Qe1 Nd4 9. Nxd4 cxd4 10. Nd1 O-O 11. Qh4 d5 12. Bb3 dxe4 13. dxe4 Nc6 14. Qxd8 Rxd8 15. Nf2 Na5 16. Rd1 Nxb3 17. axb3 Bd7 18. e5 f6 19. Ng4 f5 20. Nf2 Bb5 21. c3 dxc3 22. bxc3 Rxd1+ 23. Nxd1 g5 24. g3 gxf4 25. gxf4 Kf7 26. Be3 Bh6 27. Kf2 Rg8 28. Nb2 a6 29. Rg1 Rxg1 30. Kxg1 Ke8 31. Kf2 Bf8 32. c4 Bc6 33. Nd3 Be7 34. Bc5 Kf7 35. b4 Bh4+ 36. Ke2 Bd8 37. Kd2 h5 38. Ke2 Bh4 39. Bd4 Be7 40. Be3 h4 41. Kf2 h3 42. Ke2 Bd8 43. Bf2 Bg2 44. Be3 Be7 45. Bf2 Bc6 46. Be3 Bd8 47. Bf2 Bc7 48. Be3 Ke7 49. Bf2 Bg2 50. Bh4+ Kf7 51. Bf2 Bd8 1/2-1/2

[Event "Beloeil CC-ch"]
[Site "Beloeil CAN"]
[Date "2000.10.24"]
[Round "5"]
[White "Deschamps, Martin"]
[Black "Abreu Cordero, Jose"]
[Result "0-1"]
[WhiteElo "1936"]
[BlackElo "2140"]
[PlyCount "64"]
[GameId "2160767911644217"]
[EventDate "2000.09.26"]
[EventType "swiss"]
[EventRounds "6"]
[EventCountry "CAN"]
[SourceTitle "EXT 2004"]
[Source "ChessBase"]
[SourceDate "2003.11.25"]
[SourceVersion "1"]
[SourceVersionDate "2003.11.25"]
[SourceQuality "1"]

1. e4 c5 2. Nf3 d6 3. d4 cxd4 4. Nxd4 Nf6 5. Nc3 a6 6. Be2 e6 7. Be3 Qc7 8. a4 b6 9. O-O Bb7 10. Bf3 Nbd7 11. Re1 Be7 12. g3 O-O 13. Bg2 Nc5 14. Bg5 h6 15. Bd2 Rfe8 16. Qe2 Ncd7 17. Rad1 Bf8 18. f4 g6 19. Kh1 Rac8 20. Be3 e5 21. Nb3 exf4 22. Bxf4 g5 23. Bc1 d5 24. e5 Rxe5 25. Qf1 Rce8 26. Rxe5 Qxe5 27. Nd4 Nc5 28. Nf5 Nce4 29. Nxe4 Nxe4 30. g4 Bc8 31. Ne3 Bd6 32. Qg1 Nf2+ 0-1

[Event "Beloeil CC-ch"]
[Site "Beloeil CAN"]
[Date "2000.10.24"]
[Round "5"]
[White "Sasseville, Jean"]
[Black "Gilman, Arkadiy"]
[Result "0-1"]
[WhiteElo "1985"]
[BlackElo "2199"]
[PlyCount "140"]
[GameId "2160767911644218"]
[EventDate "2000.09.26"]
[EventType "swiss"]
[EventRounds "6"]
[EventCountry "CAN"]
[SourceTitle "EXT 2004"]
[Source "ChessBase"]
[SourceDate "2003.11.25"]
[SourceVersion "1"]
[SourceVersionDate "2003.11.25"]
[SourceQuality "1"]

1. c4 Nf6 2. Nc3 e5 3. Nf3 Nc6 4. g3 Nd4 5. Bg2 Nxf3+ 6. Bxf3 Bc5 7. O-O d6 8. e3 O-O 9. d4 Bb6 10. b3 c6 11. d5 c5 12. Bg2 Ba5 13. Ne2 Bf5 14. Bb2 Qe7 15. f3 Rae8 16. e4 Bg6 17. g4 h5 18. Ng3 Bd8 19. Bc1 Qd7 20. Nf5 Nh7 21. Qe1 Bxf5 22. gxf5 Qe7 23. f4 Nf6 24. Qg3 exf4 25. Bxf4 Nxe4 26. Bxe4 Qxe4 27. Bxd6 Bf6 28. Bxc5 Bxa1 29. Rxa1 b6 30. f6 g6 31. Bf2 Qg4 32. Qxg4 hxg4 33. Bg3 Rd8 34. Re1 Rfe8 35. Re7 Kf8 36. d6 Ra8 37. b4 Rxe7 38. dxe7+ Ke8 39. c5 bxc5 40. bxc5 Rc8 41. Bd6 Kd7 42. Kf2 Ke6 43. Kg3 Kxf6 44. Kxg4 Ke6 45. Kg5 Rh8 46. a3 Rc8 47. h4 Kd7 48. Kf6 Ke8 49. Ke5 f5 50. Kf6 f4 51. Bxf4 Rxc5 52. Bg5 Rc6+ 53. Kg7 Ra6 54. Bf6 Rxa3 55. Kxg6 Rg3+ 56. Bg5 a5 57. Kf6 Rh3 58. Kg6 a4 59. h5 a3 60. h6 a2 61. Bf6 Rg3+ 62. Kh5 Kf7 63. Be5 Rh3+ 64. Kg5 Rh1 65. e8=Q+ Kxe8 66. Kg6 Rg1+ 67. Kh7 Kf7 68. Bd4 a1=Q 69. Bxa1 Rxa1 70. Kh8 Kg6 0-1

[Event "Beloeil CC-ch"]
[Site "Beloeil CAN"]
[Date "2000.10.24"]
[Round "5"]
[White "Tessier, Olivier"]
[Black "Mikanovic, Goran"]
[Result "0-1"]
[WhiteElo "2001"]
[BlackElo "2367"]
[PlyCount "60"]
[GameId "2160767911644219"]
[EventDate "2000.09.26"]
[EventType "swiss"]
[EventRounds "6"]
[EventCountry "CAN"]
[SourceTitle "EXT 2004"]
[Source "ChessBase"]
[SourceDate "2003.11.25"]
[SourceVersion "1"]
[SourceVersionDate "2003.11.25"]
[SourceQuality "1"]

1. c4 b6 2. Nc3 Bb7 3. Nf3 e6 4. g3 Nf6 5. Bg2 c5 6. O-O Be7 7. Re1 d6 8. e4 a6 9. d4 cxd4 10. Nxd4 Qc7 11. Be3 Nbd7 12. Rc1 O-O 13. Qe2 Rfe8 14. b4 Rac8 15. b5 a5 16. Nc6 Bf8 17. f4 Nb8 18. e5 dxe5 19. fxe5 Nfd7 20. Nxb8 Qxb8 21. Red1 Nxe5 22. Bf4 Bc5+ 23. Kh1 Bxg2+ 24. Qxg2 Bd6 25. Qd2 Bc7 26. Qe2 Ng6 27. Bg5 Be5 28. Na4 f5 29. Rd7 Rc7 30. Rcd1 Qb7+ 0-1

[Event "Beloeil CC-ch"]
[Site "Beloeil CAN"]
[Date "2000.10.31"]
[Round "6"]
[White "Abreu Cordero, Jose"]
[Black "Charest, Johanne"]
[Result "1-0"]
[WhiteElo "2140"]
[BlackElo "1921"]
[PlyCount "97"]
[GameId "2160767911644220"]
[EventDate "2000.09.26"]
[EventType "swiss"]
[EventRounds "6"]
[EventCountry "CAN"]

1. Nf3 d5 2. d4 e6 3. c4 c5 4. e3 Nf6 5. Nc3 Nc6 6. Be2 cxd4 7. exd4 a6 8. c5 b6 9. cxb6 Qxb6 10. O-O Bd6 11. Na4 Qc7 12. h3 O-O 13. Be3 Ne4 14. Rc1 Rb8 15. Qc2 Bb7 16. Nd2 Nxd2 17. Qxd2 Qa5 18. Qxa5 Nxa5 19. Nc5 Bc6 20. b3 Bxc5 21. Rxc5 Bb5 22. Bxb5 Rxb5 23. Rfc1 Rxc5 24. Rxc5 Nb7 25. Rc6 Ra8 26. Bf4 Kf8 27. Rc7 Nd8 28. Bd6+ Kg8 29. Kf1 f6 30. Bc5 Nf7 31. Re7 e5 32. Rd7 exd4 33. Rxd5 Rd8 34. Rxd4 Rxd4 35. Bxd4 Nd6 36. Ke2 Kf7 37. Kd3 Ke6 38. Bc5 Nb5 39. a4 Nc7 40. Kc4 Kd7 41. Bb6 Ne6 42. Be3 Kc6 43. b4 Nc7 44. Bf4 Ne6 45. b5+ axb5+ 46. axb5+ Kb6 47. Be3+ Kb7 48. Kd5 Nc7+ 49. Kc5 1-0

[Event "Beloeil CC-ch"]
[Site "Beloeil CAN"]
[Date "2000.10.31"]
[Round "6"]
[White "Deschamps, Martin"]
[Black "Tomb, Maroun"]
[Result "0-1"]
[WhiteElo "1936"]
[BlackElo "2200"]
[PlyCount "142"]
[GameId "2160767911644222"]
[EventDate "2000.09.26"]
[EventType "swiss"]
[EventRounds "6"]
[EventCountry "CAN"]
[SourceTitle "EXT 2004"]
[Source "ChessBase"]
[SourceDate "2003.11.25"]
[SourceVersion "1"]
[SourceVersionDate "2003.11.25"]
[SourceQuality "1"]

1. e4 c5 2. Nf3 d6 3. d4 Nf6 4. Nc3 cxd4 5. Nxd4 g6 6. Be3 Bg7 7. Bc4 O-O 8. Bb3 Nc6 9. Qd2 Ng4 10. Nxc6 bxc6 11. Bg5 Be6 12. f3 Ne5 13. Bh6 Qa5 14. h4 Bxb3 15. cxb3 Bxh6 16. Qxh6 f6 17. O-O-O Rad8 18. Rd4 e6 19. Qe3 Nf7 20. Ra4 Qb6 21. Qxb6 axb6 22. Ra6 Rb8 23. Rd1 Rb7 24. b4 Rc8 25. Kb1 Kf8 26. b5 c5 27. Kc2 Ke7 28. Na4 Rcb8 29. Kc3 Kd7 30. b3 Kc7 31. Nb2 Rd8 32. Nd3 d5 33. Nf4 d4+ 34. Kc2 Rd6 35. a4 Ne5 36. Nd3 Nxd3 37. Kxd3 Kb8 38. Rc1 Rc7 39. a5 Kb7 40. Ra1 Rcd7 41. axb6 Rxb6 42. Ra7+ Kc8 43. Ra8+ Kc7 44. Kc4 Kd6 45. Rc8 e5 46. Rxc5 Rdb7 47. Ra6 Kd7 48. Rxb6 Rxb6 49. Kb4 Rd6 50. Rc2 Kd8 51. Ka5 d3 52. Rd2 Rd4 53. b6 Kc8 54. Kb5 Kb7 55. Kc5 f5 56. exf5 gxf5 57. f4 Rxf4 58. Rxd3 Rxh4 59. Rd7+ Kb8 60. b7 e4 61. Re7 Rg4 62. Rxh7 e3 63. Re7 f4 64. Kb6 Rg6+ 65. Kb5 Rxg2 66. Kb6 Rg6+ 67. Kc5 Rf6 68. Kd4 f3 69. Rxe3 f2 70. Re8+ Kxb7 71. Re7+ Kb6 0-1

[Event "Beloeil CC-ch"]
[Site "Beloeil CAN"]
[Date "2000.10.31"]
[Round "6"]
[White "Gilman, Arkadiy"]
[Black "Dubois, Julien"]
[Result "1-0"]
[WhiteElo "2199"]
[BlackElo "1746"]
[PlyCount "65"]
[GameId "2160767911644223"]
[EventDate "2000.09.26"]
[EventType "swiss"]
[EventRounds "6"]
[EventCountry "CAN"]
[SourceTitle "EXT 2004"]
[Source "ChessBase"]
[SourceDate "2003.11.25"]
[SourceVersion "1"]
[SourceVersionDate "2003.11.25"]
[SourceQuality "1"]

1. d4 c5 2. d5 e5 3. e4 d6 4. Bb5+ Nd7 5. a4 Ne7 6. Nc3 g6 7. Nf3 Bg7 8. O-O O-O 9. Bc4 f5 10. Ng5 Nb6 11. Be2 h6 12. a5 hxg5 13. axb6 f4 14. bxa7 Qb6 15. Bg4 Rxa7 16. Rxa7 Qxa7 17. Bxc8 Nxc8 18. Qg4 Bf6 19. h4 gxh4 20. Qxg6+ Kh8 21. Nb5 Qa4 22. Nc7 Ne7 23. Qh5+ Kg8 24. Qe2 Kf7 25. b3 Qd7 26. Qh5+ Ng6 27. Qh7+ Bg7 28. Ne6 Rg8 29. Bd2 Qe8 30. Ra1 Nf8 31. Ng5+ Ke7 32. Qxg8 Qg6 33. Ne6 1-0

[Event "Beloeil CC-ch"]
[Site "Beloeil CAN"]
[Date "2000.10.31"]
[Round "6"]
[White "Pnevmonidis, Pantelis"]
[Black "Leveille, Francois"]
[Result "1/2-1/2"]
[WhiteElo "2140"]
[BlackElo "2331"]
[PlyCount "112"]
[GameId "2160767911644225"]
[EventDate "2000.09.26"]
[EventType "swiss"]
[EventRounds "6"]
[EventCountry "CAN"]
[SourceTitle "EXT 2004"]
[Source "ChessBase"]
[SourceDate "2003.11.25"]
[SourceVersion "1"]
[SourceVersionDate "2003.11.25"]
[SourceQuality "1"]

1. d4 d5 2. c4 Nc6 3. Nc3 Nf6 4. Nf3 dxc4 5. e4 Bg4 6. Be3 Bxf3 7. gxf3 g6 8. Bxc4 Bg7 9. e5 Nd7 10. Qb3 O-O 11. Qxb7 Na5 12. Qa6 c5 13. dxc5 Nxc4 14. Qxc4 Nxe5 15. Qe2 Rb8 16. O-O Qc8 17. Kg2 Qc6 18. Rab1 Rb4 19. h3 Rfb8 20. Rfd1 Rh4 21. Bg5 Rh5 22. h4 Bf6 23. Nd5 Bxg5 24. Qxe5 Qc8 25. Rh1 Bf6 26. Qxf6 Rxd5 27. Qxe7 Rxc5 28. Qxa7 Ra8 29. Qe7 Rxa2 30. Rbd1 Ra8 31. Rd7 Rf5 32. Rhd1 Qc5 33. Rd8+ Rxd8 34. Rxd8+ Kg7 35. Qxc5 Rxc5 36. Rd4 Rc2 37. b4 Rb2 38. Kf1 Kf6 39. Rf4+ Ke6 40. Re4+ Kf6 41. Rc4 h5 42. Kg2 Ke6 43. Kg3 f6 44. Rc6+ Kf5 45. Rc5+ Ke6 46. b5 Kd6 47. Rc6+ Ke5 48. Rb6 Kf5 49. Rb8 g5 50. hxg5 Kxg5 51. b6 h4+ 52. Kg2 Kf4 53. b7 f5 54. Kh3 Kxf3 55. Kxh4 f4 56. Kg5 Rb5+ 1/2-1/2

[Event "Beloeil CC-ch"]
[Site "Beloeil CAN"]
[Date "2000.10.31"]
[Round "6"]
[White "Tessier, Olivier"]
[Black "Prahov, Valentin"]
[Result "1-0"]
[WhiteElo "2001"]
[BlackElo "2238"]
[PlyCount "143"]
[GameId "2160767911644226"]
[EventDate "2000.09.26"]
[EventType "swiss"]
[EventRounds "6"]
[EventCountry "CAN"]
[SourceTitle "EXT 2004"]
[Source "ChessBase"]
[SourceDate "2003.11.25"]
[SourceVersion "1"]
[SourceVersionDate "2003.11.25"]
[SourceQuality "1"]

1. c4 f5 2. Nc3 Nf6 3. d4 g6 4. g3 Bg7 5. Bg2 O-O 6. Nh3 Nc6 7. O-O d6 8. d5 Ne5 9. b3 c6 10. Bb2 Bd7 11. Nf4 g5 12. Nd3 Ng6 13. Qd2 h6 14. Rad1 Qb6 15. Qc1 Rad8 16. Qa1 Rf7 17. Rd2 Rdf8 18. c5 dxc5 19. Na4 Qa5 20. Bc3 Qc7 21. Naxc5 Nxd5 22. Bxg7 Rxg7 23. Bxd5+ cxd5 24. Rc1 Qd6 25. Nxb7 Qb6 26. Nbc5 Bc8 27. Ne5 Qd6 28. Nxg6 Rxg6 29. Qd4 e6 30. Nd3 Rg7 31. Rdc2 Qb8 32. Rc6 f4 33. R1c5 fxg3 34. hxg3 h5 35. Qc3 Bd7 36. Rc7 h4 37. Ne5 Qe8 38. Rxa7 hxg3 39. fxg3 Rgf7 40. Nxf7 Qxf7 41. Qf3 Qg7 42. Qe3 Qf6 43. Rc1 Bb5 44. Rb7 Bc6 45. Rb4 Kg7 46. Rg4 Kg6 47. Qxg5+ Qxg5 48. Rxg5+ Kxg5 49. Rxc6 Kf5 50. Kg2 Ra8 51. a4 Rb8 52. Rc3 Ke4 53. Rf3 e5 54. Kf2 d4 55. Ke1 Rb7 56. Kd2 Rb8 57. g4 Rg8 58. Rg3 Kf4 59. Rg1 Rb8 60. g5 Rxb3 61. g6 Rb2+ 62. Kc1 Rb8 63. g7 Rg8 64. Kd2 Ke4 65. a5 Kd5 66. a6 Kc6 67. Kd3 Kb6 68. Ke4 Kxa6 69. Kxe5 Kb5 70. Kxd4 Kc6 71. Ke5 Kd7 72. Kf6 1-0

[Event "Bonne Annee"]
[Site "Levis CAN"]
[Date "2000.01.07"]
[Round "1"]
[White "Auger, Bertrand"]
[Black "Saint Onge, Roland"]
[Result "1-0"]
[WhiteElo "2040"]
[BlackElo "1755"]
[PlyCount "102"]
[GameId "2160767911741498"]
[EventDate "2000.01.07"]
[EventType "swiss"]
[EventRounds "5"]
[EventCountry "CAN"]
[SourceTitle "EXT 2022"]
[Source "ChessBase"]
[SourceDate "2021.10.06"]
[SourceVersion "1"]
[SourceVersionDate "2021.10.06"]
[SourceQuality "1"]

1. Nf3 c5 2. g3 Nc6 3. c4 Nf6 4. Bg2 d6 5. O-O Bg4 6. b3 Qd7 7. Re1 g6 8. Bb2 Bg7 9. d3 O-O 10. Nbd2 e5 11. Qc2 Bh3 12. Bh1 h6 13. Rad1 Rae8 14. e3 Bf5 15. a3 Na5 16. Ne4 g5 17. Nfd2 g4 18. Nxf6+ Bxf6 19. Ne4 Bg7 20. Bc3 Nc6 21. b4 cxb4 22. axb4 Bh7 23. Qb2 f5 24. Nd2 h5 25. b5 Ne7 26. f4 Ng6 27. Ra1 a6 28. bxa6 bxa6 29. Bd5+ Kh8 30. Rxa6 Bg8 31. Bc6 Qc8 32. Rea1 Re7 33. Bg2 Qc5 34. d4 exd4 35. Bxd4 Bxd4 36. exd4 Qc7 37. Rc6 Qb8 38. Rb6 Qc7 39. Rb7 Qd8 40. d5+ Kh7 41. Raa7 Bf7 42. Nf1 Rxb7 43. Rxb7 Qc8 44. Ne3 Kg8 45. Bf1 Re8 46. Qb6 Nf8 47. Rc7 Qd8 48. Nxf5 Qf6 49. Nxd6 Re1 50. Rxf7 Qa1 51. Qf2 Rb1 1-0

[Event "Bonne Annee"]
[Site "Levis CAN"]
[Date "2000.01.07"]
[Round "1"]
[White "Sauve, Richard"]
[Black "Tremblay, Sylvain"]
[Result "1-0"]
[WhiteElo "1895"]
[BlackElo "2219"]
[PlyCount "99"]
[GameId "2160767911741499"]
[EventDate "2000.01.07"]
[EventType "swiss"]
[EventRounds "5"]
[EventCountry "CAN"]
[SourceTitle "EXT 2022"]
[Source "ChessBase"]
[SourceDate "2021.10.06"]
[SourceVersion "1"]
[SourceVersionDate "2021.10.06"]
[SourceQuality "1"]

1. d4 Nf6 2. c4 e6 3. Nc3 Bb4 4. e3 O-O 5. Bd3 d5 6. Nf3 c5 7. O-O Nc6 8. a3 Bxc3 9. bxc3 dxc4 10. Bxc4 Qc7 11. Ba2 e5 12. Qc2 Bg4 13. dxe5 Nxe5 14. Nxe5 Qxe5 15. f3 Bd7 16. e4 Bc6 17. Be3 Rad8 18. Rad1 Rxd1 19. Rxd1 Bxe4 20. fxe4 Ng4 21. Qd2 Qxh2+ 22. Kf1 Qh1+ 23. Bg1 Nh2+ 24. Kf2 Ng4+ 25. Kg3 Nf6 26. Bd5 Re8 27. Qg5 h6 28. Qf5 b6 29. Rf1 Nh5+ 30. Kf3 Re7 31. Qh3 Qxh3+ 32. gxh3 Nf6 33. c4 g5 34. Bh2 h5 35. Ke3 Kg7 36. e5 Nd7 37. Kd3 Kg6 38. Re1 Nf8 39. a4 f5 40. a5 bxa5 41. Bg1 Ne6 42. Bxe6 Rxe6 43. Bxc5 g4 44. Bd6 Re8 45. e6 Kf6 46. e7 f4 47. Bxf4 gxh3 48. Bd6 Kf7 49. Rf1+ Ke6 50. c5 1-0

[Event "Bonne Annee"]
[Site "Levis CAN"]
[Date "2000.01.08"]
[Round "2"]
[White "Martineau, Michel"]
[Black "Auger, Bertrand"]
[Result "0-1"]
[WhiteElo "1961"]
[BlackElo "2040"]
[PlyCount "86"]
[GameId "2160767911741500"]
[EventDate "2000.01.07"]
[EventType "swiss"]
[EventRounds "5"]
[EventCountry "CAN"]
[SourceTitle "EXT 2022"]
[Source "ChessBase"]
[SourceDate "2021.10.06"]
[SourceVersion "1"]
[SourceVersionDate "2021.10.06"]
[SourceQuality "1"]

1. c4 Nf6 2. g3 e6 3. Bg2 c5 4. Nc3 Nc6 5. e4 Be7 6. Nge2 O-O 7. O-O a6 8. d4 cxd4 9. Nxd4 Nxd4 10. Qxd4 d6 11. b3 Rb8 12. Bb2 Qc7 13. Rad1 Rd8 14. Rd2 b6 15. Rfd1 Bb7 16. Kh1 Bc6 17. Rc1 Qb7 18. b4 b5 19. cxb5 axb5 20. Rdc2 e5 21. Qe3 d5 22. exd5 Nxd5 23. Nxd5 Bxd5 24. Bxd5 Rxd5 25. Kg1 Rbd8 26. Qe2 Bf6 27. Rc7 Qa8 28. Bc3 Qb8 29. Be1 g6 30. Qf3 Kg7 31. g4 Rd3 32. Qe2 R8d5 33. Rc8 Qb6 34. R8c6 Qd4 35. h3 Rxh3 36. Bc3 Qf4 37. Be1 Rhd3 38. R1c3 R3d4 39. Rf3 Qxg4+ 40. Kf1 Re4 41. Rcxf6 Rxe2 42. Rxf7+ Kh6 43. Kxe2 Qc4+ 0-1

[Event "Bonne Annee"]
[Site "Levis CAN"]
[Date "2000.01.08"]
[Round "2"]
[White "Pescarus, Radu"]
[Black "Auger, Bertrand"]
[Result "1-0"]
[WhiteElo "2040"]
[BlackElo "2028"]
[PlyCount "75"]
[GameId "2160767911741501"]
[EventDate "2000.01.07"]
[EventType "swiss"]
[EventRounds "5"]
[EventCountry "CAN"]
[SourceTitle "EXT 2022"]
[Source "ChessBase"]
[SourceDate "2021.10.06"]
[SourceVersion "1"]
[SourceVersionDate "2021.10.06"]
[SourceQuality "1"]

1. e4 e6 2. d4 d5 3. Nd2 Nf6 4. e5 Nfd7 5. Bd3 c5 6. c3 Nc6 7. Ne2 cxd4 8. cxd4 f6 9. exf6 Nxf6 10. Nf3 Qc7 11. O-O Bd6 12. Bg5 O-O 13. Rc1 Nh5 14. Ng3 Nxg3 15. hxg3 h6 16. Be3 g5 17. Bb1 Qg7 18. a3 Bd7 19. Qd3 Be8 20. b4 a6 21. Rcd1 Bh5 22. Bc1 Rf6 23. Rde1 Bg6 24. Qb3 Rxf3 25. Qxf3 Nxd4 26. Qe3 e5 27. Bb2 Bxb1 28. Rxb1 Nf5 29. Qb3 Qf7 30. Rfe1 e4 31. Rbd1 Ne7 32. Qc3 Kh7 33. Qf6 Qxf6 34. Bxf6 Ng8 35. Rxd5 Bxb4 36. Rd7+ Kg6 37. axb4 Nxf6 38. Rxb7 1-0